Transport processes and unit operations /

Guardado en:
Autor Principal: Geankoplis, Christie J.
Formato: Libro
Idioma:English
Publicado: Engelwood Cliffs, N.J. : PTR Prentice Hall, c1993.
Edición:3rd ed.
Materias:
Etiquetas: Agregar Etiqueta
Sin Etiquetas, Sea el primero en etiquetar este registro!
LEADER 00740cam a22002175a 4500
001 EIQ.libpla003582
008 921118s1993####njua#####b####001#0#eng#d
005 20080214195118.0
245 1 0 |a Transport processes and unit operations /  |c Christie J. Geankoplis. 
250 |a 3rd ed. 
260 |a Engelwood Cliffs, N.J. :  |b PTR Prentice Hall,  |c c1993. 
300 |a xiii, 921 p. :  |b il. ;  |c 24 cm. 
504 |a Incluye referencias bibliográficas e índice. 
020 |a 0139304398 
100 1 |a Geankoplis, Christie J. 
082 0 0 |a 660/.2842  |2 20 
650 4 |a Procesos  |x Teoría de transporte. 
650 4 |a Processes  |x Transport theory. 
010 |a  92043956  
040 |a DLC  |c DLC  |d AR-BbSID 
859 |a AR-BbSID  |b BIB. PLAPIQUI  |h 660.284 2  |i G 26  |p 4304